<?xml version="1.0" encoding="UTF-8"?>
<record
    xmlns:xsi="http://www.w3.org/2001/XMLSchema-instance"
    xsi:schemaLocation="http://www.loc.gov/MARC21/slim http://www.loc.gov/standards/marcxml/schema/MARC21slim.xsd"
    xmlns="http://www.loc.gov/MARC21/slim">

  <leader>00560nam a22001937a 4500</leader>
  <datafield tag="999" ind1=" " ind2=" ">
    <subfield code="c">171957</subfield>
    <subfield code="d">171957</subfield>
  </datafield>
  <controlfield tag="005">20200123160421.0</controlfield>
  <datafield tag="010" ind1=" " ind2=" ">
    <subfield code="a">A-794509</subfield>
  </datafield>
  <datafield tag="020" ind1=" " ind2=" ">
    <subfield code="c">60.00</subfield>
  </datafield>
  <datafield tag="035" ind1=" " ind2=" ">
    <subfield code="a">A-794509</subfield>
  </datafield>
  <datafield tag="037" ind1=" " ind2=" ">
    <subfield code="b">BPPD/Pub.</subfield>
  </datafield>
  <datafield tag="082" ind1=" " ind2=" ">
    <subfield code="a">921</subfield>
  </datafield>
  <datafield tag="100" ind1=" " ind2=" ">
    <subfield code="a">&#x686;&#x648;&#x6C1;&#x62F;&#x631;&#x6CC; &#x627;&#x641;&#x636;&#x644; &#x62D;&#x642;</subfield>
  </datafield>
  <datafield tag="245" ind1=" " ind2=" ">
    <subfield code="a">&#x645;&#x6CC;&#x631;&#x627; &#x627;&#x641;&#x633;&#x627;&#x646;&#x6C1; /</subfield>
    <subfield code="c">&#x686;&#x648;&#x6C1;&#x62F;&#x631;&#x6CC; &#x627;&#x641;&#x636;&#x644; &#x62D;&#x642;</subfield>
  </datafield>
  <datafield tag="246" ind1=" " ind2=" ">
    <subfield code="a">Mera Afsana (Urdu) /</subfield>
    <subfield code="b">by Choudhary Afzal Haq</subfield>
  </datafield>
  <datafield tag="260" ind1=" " ind2=" ">
    <subfield code="a">Lahore</subfield>
    <subfield code="b">Alfaizal</subfield>
    <subfield code="c">1993 &#x621;</subfield>
  </datafield>
  <datafield tag="270" ind1=" " ind2=" ">
    <subfield code="a">Ghazni Street, Urdu Bazar</subfield>
    <subfield code="b">Lahore</subfield>
  </datafield>
  <datafield tag="300" ind1=" " ind2=" ">
    <subfield code="a">204p.</subfield>
    <subfield code="c">22cm(Hb)</subfield>
  </datafield>
  <datafield tag="942" ind1=" " ind2=" ">
    <subfield code="2">ddc</subfield>
    <subfield code="c">UR</subfield>
    <subfield code="h">921</subfield>
    <subfield code="m">&#x627; &#x641; &#x636;</subfield>
  </datafield>
  <datafield tag="952" ind1=" " ind2=" ">
    <subfield code="0">0</subfield>
    <subfield code="1">0</subfield>
    <subfield code="4">0</subfield>
    <subfield code="7">0</subfield>
    <subfield code="8">NFIC</subfield>
    <subfield code="a">L</subfield>
    <subfield code="b">L</subfield>
    <subfield code="d">2020-01-23</subfield>
    <subfield code="e">BPPD/Ven.</subfield>
    <subfield code="g">60.00</subfield>
    <subfield code="l">0</subfield>
    <subfield code="o">921 &#x627; &#x641; &#x636;</subfield>
    <subfield code="p">A-794509</subfield>
    <subfield code="r">2020-01-23 00:00:00</subfield>
    <subfield code="t">1</subfield>
    <subfield code="v">60.00</subfield>
    <subfield code="w">2020-01-23</subfield>
    <subfield code="y">UR</subfield>
  </datafield>
</record>
